00268nam a2200109Ia 4500008004100000041001200041082001100053100002100064245006100085260000600146650000600152221030s9999 xx 000 0 und d aEnglish a105.23 aRoger T. Stevens 0aAdvanced Practical Programming in Ccby Roger T. Stevens c0 aB